000 01523cam a2200313 4500
001 moscownightsslee00teni
003 CaSfIA
005 20210118190721.0
007 cr||||
008 710128s1971 nyu 000 1 eng
010 _a 70186227
040 _aDLC
_cDLC
_dNYP
_dOCLCQ
_dSTF
_dCaSfIA
035 _a(OCoLC)240012
041 1 _aeng
_hrus
050 0 4 _aPZ4.T2873
_aPG3489.E53
082 0 _a891.7/3/44
100 1 _aTenin, Vlas.
240 1 0 _aSpi spokoino, dorogoi tovarishch!
_lEnglish
245 1 0 _aMoscow nights
_h[electronic resource]
_b(Sleep soundly, dear comrade); a fantastic tale,
_cby Vlas Tenin. Translated by Michel le Masque.
260 _a[New York]
_bOlympia Press
_c[c1971]
300 _a288 p.
_c24 cm.
500 _aTranslation of Spi spokoino, dorogoi tovarishch!
776 0 8 _iOnline version:
_aTenin, Vlas.
_sSpi spokoino, dorogoi tovarishch! English.
_tMoscow nights.
_d[New York] Olympia Press [c1971]
_w(OCoLC)578182549
856 4 1 _uhttp://www.archive.org/details/moscownightsslee00teni
_zFree eBook from the Internet Archive
856 4 2 _uhttp://www.openlibrary.org/books/OL5709901M
_zAdditional information and access via Open Library
942 _cEB
506 _fНеобхідна авторизація на https://archive.org/ (створення облікового запису безкоштовно)
506 _fНеобхідна авторизація на https://openlibrary.org/ (створення облікового запису безкоштовно)
999 _c527114
_d527114